[Event "Madrid-ch Seniors 50"]
[Site "Madrid"]
[Date "2018.01.11"]
[Round "4"]
[White "Serrano Garcia, Vicente"]
[Black "San Segundo Ortiz, Fernando"]
[Result "1/2-1/2"]
[WhiteElo "1817"]
[BlackElo "1692"]
[PlyCount "94"]
[EventDate "2018.01.08"]
[EventType "swiss"]
[EventRounds "9"]
[EventCountry "ESP"]
[SourceTitle "CBM 182 Extra"]
[Source "ChessBase"]
[SourceDate "2018.02.23"]
[SourceVersion "1"]
[SourceVersionDate "2018.02.23"]
[SourceQuality "1"]

1. d4 Nf6 2. Nf3 g6 3. Bf4 d6 4. e3 Bg7 5. h3 0-0 6. c4 b6 7. Nc3 Bb7 8. Be2 Ne4 9. 0-0 Nd7 10. Nxe4 Bxe4 11. Rc1 c5 12. Qd2 Nf6 13. b4 Rc8 14. Rfd1 cxd4 15. exd4 Nh5 16. Bh6 f6 17. d5 Bxf3 18. Bxf3 Bxh6 19. Qxh6 Ng7 20. Re1 Nf5 21. Qf4 Rc7 22. h4 a5 23. a3 axb4 24. axb4 Ra7 25. h5 Kg7 26. Bg4 Nh6 27. Be6 Nf7 28. hxg6 hxg6 29. Bxf7 Kxf7 30. Qe3 Kg7 31. Ra1 Rxa1 32. Rxa1 Qc7 33. Qe4 Qb7 34. Re1 Re8 35. g4 Qd7 36. f3 Kf7 37. Kf2 e5 38. dxe6+ Rxe6 39. Qxe6+ Qxe6 40. Rxe6 Kxe6 41. Ke3 g5 42. Kd4 f5 43. b5 fxg4 44. fxg4 Ke7 45. Kd5 Kd7 46. Kd4 Ke7 47. Ke3 Kf6 1/2-1/2

[Event "Madrid-ch Seniors 50"]
[Site "Madrid"]
[Date "2018.01.10"]
[Round "3"]
[White "San Segundo Ortiz, Fernando"]
[Black "Infante Martin, Alonso"]
[Result "1-0"]
[WhiteElo "1692"]
[BlackElo "1345"]
[PlyCount "37"]
[EventDate "2018.01.08"]
[EventType "swiss"]
[EventRounds "9"]
[EventCountry "ESP"]
[SourceTitle "CBM 182 Extra"]
[Source "ChessBase"]
[SourceDate "2018.02.23"]
[SourceVersion "1"]
[SourceVersionDate "2018.02.23"]
[SourceQuality "1"]

1. d4 d5 2. Nf3 e6 3. e3 c6 4. b3 Nf6 5. Bb2 Bd6 6. Nbd2 Nbd7 7. Bd3 Qe7 8. 0-0 h6 9. Ne5 Nf8 10. a4 N8d7 11. f4 g6 12. Bxg6 Bxe5 13. fxe5 Ng8 14. Bh5 Nf8 15. Qg4 Ng6 16. g3 c5 17. Bxg6 fxg6 18. Qxg6+ Kd8 19. Ba3 1-0

[Event "Madrid-ch Seniors 50"]
[Site "Madrid"]
[Date "2018.01.09"]
[Round "2"]
[White "Ghavami, Mahmoud"]
[Black "San Segundo Ortiz, Fernando"]
[Result "0-1"]
[WhiteElo "1516"]
[BlackElo "1692"]
[PlyCount "26"]
[EventDate "2018.01.08"]
[EventType "swiss"]
[EventRounds "9"]
[EventCountry "ESP"]
[SourceTitle "CBM 182 Extra"]
[Source "ChessBase"]
[SourceDate "2018.02.23"]
[SourceVersion "1"]
[SourceVersionDate "2018.02.23"]
[SourceQuality "1"]

1. b3 Nf6 2. Bb2 g6 3. e3 Bg7 4. Nf3 0-0 5. Be2 b6 6. d3 c5 7. Nbd2 Nc6 8. Ne4 Nxe4 9. Bxg7 Nxf2 10. Kxf2 Kxg7 11. Qd2 e6 12. h4 Qf6 13. Kg1 Qxa1+ 0-1